00992nam a2200193Ia 4500999001500000003000900015005001700024008004100041040002800082090002000110110006300130245014400193260008100337300004100418650003100459942001200490952014800502952014800650 c2724d2724DO-SdBJH20180416230544.0180414s9999 dr 000 0 spa d aDO-SdBJHbspacDO-SdBJH aDM FM 7-20 1963 aInstituto de Cooperación para la Seguridad Hemisférica10a FM 7-20 Batallones de infantería aerotransportada e infantería mecanizada / Instituto de Cooperación para la Seguridad Hemisférica aFuerte Benning, Georgia : Cuartel General Secretaría del Ejército, 1963 a468 páginas en varias paginaciones 4aBatallones -- Infantería 2ddccBK 00102ddc40708DMaBEGEMbBEGEMcGENd2018-04-14i18-EERD-01139l0oDM FM 7-20 1963p18-EERD-01139r2018-04-14 00:00:00tEj.1w2018-04-14yBK 00102ddc40708DMaBEGEMbBEGEMcGENd2018-04-14i18-EERD-01140l0oDM FM 7-20 1963p18-EERD-01140r2018-04-14 00:00:00tEj.2w2018-04-14yBK